Biotecnología para no biotecnólogos : (Registro nro. 5444)

Detalles MARC
000 -CABECERA
Campo de control 01262cam a2200313 a 4500
005 - FECHA Y HORA DE LA ULTIMA TRANSACCION
Campo de control 20191224041805.0
008 - ELEMENTOS DE LONGITUD FIJA—INFORMACION GENERAL
Campo de control 100427t 2004ck ado r 000 0 spa d
020 ## - ISBN
ISBN 9587014456
040 ## - FUENTE DE CATALOGACIÓN
Agencia catalogadora original CO-BoPUJ
Agencia transcriptora CO-BoIAVH
Agencia Modificadora CO-BoIAVH
041 0# - IDIOMA
Código de idioma para texto/pista de sonido o título separado Español
044 ## - PAÍS DE PUBLICACIÓN
País de publicación Colombia
082 04 - NUMERO DE CLASIFICACION DECIMAL DEWEY
Número de clasificación 660.6
Número del ítem C17b
111 2# - ASIENTO PRINCIPAL--NOMBRE DE REUNION
Nombre de reunión o de jurisdicción como elemento de entrada Cátedra Manuel Ancízar
Fecha de la reunión (2002 : Bogotá)
9 (RLIN) 62939
245 10 - MENCION DE TITULO
Título Biotecnología para no biotecnólogos :
Parte restante del título memorias /
Mención de responsabilidad coordinadora de la cátedra : Dolly Montoya Castaño ; editoras Dolly Montoya Castaño y Lus Ángela Sastoque Rivera.
250 ## - MENCION DE EDICION
Mención de edición Primera edición
260 ## - PUBLICACION, DISTRIBUCION, ETC. (PIE DE IMPRENTA)
Lugar de publicación, distribución, etc. Bogotá :
Nombre del editor, distribuidor, etc. Universidad Nacional de Colombia,
Fecha de publicación, distribución, etc. c2004.
300 ## - DESCRIPCION FISICA
Extensión 350 páginas :
Otros detalles físicos ilustraciones, fotos y gráficos ;
Dimensiones 24 x 17 cm.
504 ## - NOTA DE BIBLIOGRAFIA, ETC.
Nota de bibliografía Incluye referencias bibliográficas.
534 ## - NOTA DE VERSION ORIGINAL
Título del original Biotechnologie fúr einsteiger.
650 14 - ASIENTO SECUNDARIO DE MATERIA - TERMINO TEMATICO
Término temático o nombre geográfico como elemento de entrada Biotecnología
Subdivisión general Historia
9 (RLIN) 62940
650 24 - ASIENTO SECUNDARIO DE MATERIA - TERMINO TEMATICO
Término temático o nombre geográfico como elemento de entrada Biotecnología agrícola
9 (RLIN) 462
650 24 - ASIENTO SECUNDARIO DE MATERIA - TERMINO TEMATICO
Término temático o nombre geográfico como elemento de entrada Plantas transgénicas
9 (RLIN) 62942
650 24 - ASIENTO SECUNDARIO DE MATERIA - TERMINO TEMATICO
Término temático o nombre geográfico como elemento de entrada Propiedad industrial
9 (RLIN) 62943
650 24 - ASIENTO SECUNDARIO DE MATERIA - TERMINO TEMATICO
Término temático o nombre geográfico como elemento de entrada Enfermedades transmitidas por vectores
9 (RLIN) 62944
650 24 - ASIENTO SECUNDARIO DE MATERIA - TERMINO TEMATICO
Término temático o nombre geográfico como elemento de entrada Desarrollo científico y tecnológico
9 (RLIN) 62945
700 1# - ASIENTO SECUNDARIO - NOMBRE PERSONAL
Nombre personal Montoya Castaño, Dolly
Término de relación Editor
9 (RLIN) 62946
700 1# - ASIENTO SECUNDARIO - NOMBRE PERSONAL
Nombre personal Sastoque Rivera, Luz Ángela
Término de relación Editor
9 (RLIN) 62947
942 ## - ELEMENTOS ADICIONALES (KOHA)
Sistema de clasificación Dewey Decimal Classification
Tipo de ítem Libro
Existencias
Withdrawn status Lost status Sistema de Clasificación Damaged status No para préstamo Colección Inventariado Ubicación Permanente Ubicación actual Fecha de adquisición Fuente de Valor Valor Total Checkouts Número topográfico Inventario / Código de Barras Date last seen Ejemplar Price effective from Forma de adquisición Tipo de material
    Dewey Decimal Classification     General Inventariado 2017 Bogotá Bogotá 28/12/2006 Instituto 39000.00   LB-660.6 C17b 023939 04/12/2012 Ej.1 04/12/2012   Libro
    Dewey Decimal Classification     General Inventariado 2017 Sala Fabio Quevedo Sala Fabio Quevedo 28/12/2006 Instituto 39000.00   LB-660.6 C17b 023940 04/12/2012 Ej. 2 04/12/2012   Libro